| 000 | 00894pam a2200277 a 4500 | ||
|---|---|---|---|
| 999 |
_c4509 _d4509 |
||
| 001 | 4715721 | ||
| 003 | GZU | ||
| 005 | 20210316114543.0 | ||
| 008 | 831116s1983 nyu b 001 0 eng | ||
| 010 | _a 83024952 | ||
| 020 | _a039395224X (pbk.) | ||
| 040 |
_aDLC _cDLC _dDLC |
||
| 050 | 0 | 0 |
_aPR1174 NOR 1983 _b.N6 1983b |
| 082 | 0 | 0 |
_a821/.008 _219 |
| 245 | 0 | 4 |
_aThe Norton anthology of poetry / _c[edited by] Alexander W. Allison ... [et al.] ; with an essay on versification by Jon Stallworthy. |
| 250 | _a3rd., shorter. | ||
| 260 |
_aNew York : _bNorton, _cc1983. |
||
| 300 |
_axliv, 896 p. ; _c23 cm. |
||
| 500 | _aIncludes index. | ||
| 504 | _aBibliography: p. 874. | ||
| 650 | 0 | _aEnglish poetry. | |
| 650 | 0 | _aAmerican poetry. | |
| 700 | 1 |
_aAllison, Alexander W. _q(Alexander Ward) _eeditor |
|
| 906 |
_a7 _bcbc _corignew _d1 _eocip _f19 _gy-gencatlg |
||
| 942 |
_2lcc _cBK _h1174 _iNOR _kPR |
||